| 000 | 00651nam a2200241 a 4500 | ||
|---|---|---|---|
| 005 | 20210219153532.0 | ||
| 008 | 991125n 000 0 u | ||
| 035 | _aUPN01000105231 | ||
| 100 | _aEllis, William F. | ||
| 222 | _aPHI DELTA KAPPAN | ||
| 245 | _aWho needs defending - Textbook publishers or students? | ||
| 300 | _a163-164 | ||
| 362 | _a74, No. 2, 1992 | ||
| 505 | _aFebrero 1993 | ||
| 653 | 0 | _aCONSERVADURISMO | |
| 653 | 0 | _aEDUCACION MULTICULTURAL | |
| 653 | 0 | _aESTUDIOS SOCIALES | |
| 653 | 0 | _aLIBROS DE TEXTO PARCIALES | |
| 653 | 0 | _aNEGROS | |
| 700 | _aEpstein, Kitty Kelly | ||
| 904 |
_aAC _b043042 |
||
| 905 | _aArticulo | ||
| 999 |
_c79353 _d79353 |
||